| 000 | 01398nam a2200373 c 4500 | ||
|---|---|---|---|
| 001 | 14822 | ||
| 003 | ES-MaCES | ||
| 005 | 20190507110813.0 | ||
| 008 | 030409s2003 sp d t o000 | spa d | ||
| 017 |
_aM 8498-2003 _bDL |
||
| 020 | _a8447605477 | ||
| 035 | _aCES20030003991m | ||
| 040 |
_aES-MaCES _bspa _cES-MaCES |
||
| 245 | 0 | 3 |
_aEl presupuesto para 2003 _b: Presupuestos Generales del Estado para el año 2003 : Ley 52/2002, de 30 de diciembre _c[elaboración y coordinación, D.G. Presupuestos] |
| 260 |
_aMadrid _bSecretaría General Técnica, Centro de Publicaciones del Ministerio de Hacienda _c[2003] |
||
| 300 |
_a267 p. _bgráf. col. _c24 cm |
||
| 541 | _cGratuito | ||
| 610 | 1 | 4 |
_aEspaña _tLey de presupuestos generales del Estado para 2003 _d2002 _93022 |
| 650 | 4 |
_apresupuesto nacional _928073 |
|
| 650 | 4 |
_adistribución del gasto _930938 |
|
| 650 | 4 |
_adistribución del ingreso _927109 |
|
| 650 | 4 |
_aEspaña _926964 |
|
| 650 | 4 |
_a2003 _931178 |
|
| 650 | 4 |
_alegislación _927153 |
|
| 650 | 4 |
_atexto _929624 |
|
| 650 | 4 |
_acuadros estadísticos _928890 |
|
| 653 | 1 | 0 | _aHacienda Pública |
| 710 | 1 |
_aEspaña _bMinisterio de Hacienda _eed. _93245 |
|
| 710 | 2 |
_aEspaña _bDirección General de Presupuestos _92852 |
|
| 787 | 0 |
_tEl presupuesto para 2000 _w(ES-MaCES)10702 |
|
| 902 | _aLIB Libro | ||
| 942 |
_2CES _cBK _h0.1. |
||
| 999 |
_c14822 _d14822 |
||